000
00253nam a2200097Ia 4500
008
230508s1999 xx 000 0 und d
041
_a
eng
100
_a
ROBERT D. SMITH
245
_a
MATHAMATICS FOR MACHINE TECHNOLOGY 4TH ED
260
_b
DELMAR PUB
_c
1999
999
_c
738577
_d
738577